Times vencedores do Mundial de LoL - Statistics

Estatísticas Gerais
  • Esse quiz foi jogado 44 vezes
  • A pontuação média é 10 de 14
Estatísticas das Respostas
Data Nome do time % Correto
2013 SK Telecom T1
100%
2015 SK Telecom T1
100%
2016 SK Telecom T1
100%
2023 T1
100%
2024 T1
100%
2011 Fnatic
81%
2017 Samsung Galaxy
71%
2014 Samsung White
71%
2018 Invictus Gaming
64%
2022 DRX
60%
2021 Edward Gaming
60%
2019 FunPlus Phoenix
60%
2020 DAMWON Gaming
40%
2012 Taipei Assassins
40%
Nenhum quiz correspondente encontrado
Distribuição das Pontuações
Porcentagem de Pessoas com Cada Pontuação
Percentil de Números Respondidos
Sua Pontuação Histórica
Você não jogou esse quiz